Vincitori Panchina d'argento al miglior allenatore di Serie B - Statistics

Statistiche generali
  • Questo quiz è stato fatto 8 volte
  • Il punteggio medio è 7 su 16
Statistiche sulle risposte
Stagione Nazione Squadra Allenatore % Corretto
2011-12 Repubblica Ceca Pescara Zdeněk Zeman
83%
2017-18 Italia Empoli Aurelio Andreazzoli
67%
2012-13 Italia Sassuolo Eusebio Di Francesco
67%
2020-21 Italia Empoli Alessio Dionisi
50%
2008-09 Italia Bari Antonio Conte
50%
2021-22 Italia Cremonese Fabio Pecchia
50%
2019-20 Italia Benevento Filippo Inzaghi
50%
2006-07 Italia Genoa Gian Piero Gasperini
50%
2015-16 Croazia Crotone Ivan Jurić
50%
2016-17 Italia SPAL Leonardo Semplici
50%
2010-11 Italia Novara Attilio Tesser
33%
2007-08 Italia Chievo Giuseppe Iachini
33%
2013-14 Italia Empoli Maurizio Sarri
33%
2018-19 Italia Lecce Fabio Liverani
17%
2009-10 Italia Cesena Pierpaolo Bisoli
17%
2014-15 Italia Frosinone Roberto Stellone
0%
Nessun quiz corrispondente trovato
Distribuzione punteggi
Percentuale di utenti per punteggio
Percentile per numero di risposta
I tuoi punteggi nel tempo
Non hai fatto questo quiz